Foundry machinery and metal rolling mills
Gespeichert in:
| Format: | Buch |
|---|---|
| Sprache: | Undetermined |
| Veröffentlicht: |
Washington
United States International Trade Commission
|
| Schlagworte: | |
| Tags: |
Tag hinzufügen
Keine Tags, Fügen Sie den ersten Tag hinzu!
|
| Thư viện lưu trữ: | Trung tâm Học liệu Trường Đại học Cần Thơ |
|---|
| LEADER | 00456nam a2200157Ia 4500 | ||
|---|---|---|---|
| 001 | CTU_96465 | ||
| 008 | 210402s9999 xx 000 0 und d | ||
| 082 | |a 338.47 | ||
| 082 | |b F762 | ||
| 245 | 0 | |a Foundry machinery and metal rolling mills | |
| 260 | |a Washington | ||
| 260 | |b United States International Trade Commission | ||
| 650 | |a Machine-tool industry | ||
| 650 | |z Japan | ||
| 904 | |i Năm | ||
| 980 | |a Trung tâm Học liệu Trường Đại học Cần Thơ | ||